Creative interviewing: The writer's guide to gathering information by asking questions (Record no. 27768)

MARC details
000 -LEADER
fixed length control field 00361nam a2200121Ia 4500
082 ## - DEWEY DECIMAL CLASSIFICATION NUMBER
Classification number 007
Item number MET
100 ## - MAIN ENTRY--AUTHOR NAME
Personal name Metzler, Ken
245 #0 - TITLE STATEMENT
Title Creative interviewing: The writer's guide to gathering information by asking questions
260 ## - PUBLICATION, DISTRIBUTION, ETC. (IMPRINT)
Place of publication New Jersey
Name of publisher Prentice Hall
Year of publication 1977
650 ## - SUBJECT ADDED ENTRY--TOPICAL TERM
Topical Term Interviewing
942 ## - ADDED ENTRY ELEMENTS (KOHA)
Koha item type Books
Holdings
Withdrawn status Lost status Damaged status Not for loan Home library Current library Date acquired Cost, normal purchase price Full call number Accession Number Koha item type
        RRII Library RRII Library 16/12/2021 4.95 007 MET 08384 Books